Barvení skla /

Hlavní autor: Kocík, Jiří
Další autoři: Nebřenský, Jiří, Fanderlík, Ivan, 1935-2009
Jazyk: Čeština
Vydáno: Praha : Státní nakladatelství technické literatury, 1978
Vydání: 2., dopl. a přeprac. vyd.
Externí odkaz: Digitalizovaný dokument
Fyzický popis: 253 s.
Language note: Anglické a ruské resumé
Knihy
Uloženo v:
LEADER 01208nam a22003132a 4500
001 000303175
003 CZ BrMZK
005 20260112083348.0
007 ta
008 980105s1978 xr f cze d
015 |a cnb000417333 
035 |a (OCoLC)42156681 
040 |a BOA001  |b cze 
041 0 |a cze  |b eng  |b rus 
100 1 |a Kocík, Jiří  |7 jk01060964  |4 aut 
245 1 0 |a Barvení skla /  |c Jiří Kocík, Jiří Nebřenský, Ivan Fanderlík 
250 |a 2., dopl. a přeprac. vyd. 
260 |a Praha :  |b Státní nakladatelství technické literatury,  |c 1978 
300 |a 253 s. 
504 |a Obsahuje bibliografii 
546 |a Anglické a ruské resumé 
700 1 |a Nebřenský, Jiří  |7 jk01082817  |4 aut 
700 1 |a Fanderlík, Ivan,  |d 1935-2009  |7 jk01030741  |4 aut 
856 4 1 |u http://www.digitalniknihovna.cz/mzk/uuid/uuid:e319c340-b4ba-11e3-b833-005056827e52  |y Digitalizovaný dokument  |x NDK 
910 |a BOA001  |b 2-0469.514-78  |b TK-0102.662-78 
990 |a BK 
991 |b 201403 
996 6 |b 2619865712  |c 2-0469.514-78  |l MZK  |r Sklad / do 24 hodin  |n 17  |w 000303175  |u 000010  |a 1  |e BOA001  |j MZK50  |s P 
996 7 |b 2629956349  |c TK-0102.662-78  |l MZK  |r Sklad / do 24 hodin  |n 2  |w 000303175  |u 000020  |a 1  |e BOA001  |j MZK50  |s A